| 000 | 00750nam a2200217 u 4500 | ||
|---|---|---|---|
| 005 | 20210223132809.0 | ||
| 008 | 160114s2003 es r 000 0 spa d | ||
| 020 | _a8466206663 | ||
| 035 | _aUPN01000207460 | ||
| 049 | _aI | ||
| 050 | 4 |
_aTT633 _bC3.2 |
|
| 100 | 1 |
_aCastillo, Blanca _938462 |
|
| 245 | 1 | 0 |
_aDivertilandia : _bdisfrases y maquillaje, cocina fácil, manualidades divertidas, juegos con los amigos / _cBlanca Castillo, Fernando Martínez ; il. Miguel Angel Argudo. |
| 260 |
_aMadrid : _bLIBSA, _c2003. |
||
| 300 |
_a[128] p. : _bil. |
||
| 440 | 0 | _aDivertilandia | |
| 650 | 4 |
_aDISFRAZ - _vLITERATURA JUVENIL _924664 |
|
| 650 | 4 |
_aARTESANIAS - _vLITERATURA INFANTIL _921657 |
|
| 700 | 1 |
_aMartínez, Fernando, _ecoaut. |
|
| 905 | _aInfantil | ||
| 999 |
_c179561 _d179561 |
||